000 00479nam a2200169Ia 4500
003 GCL
008 140319s9999 xx 000 0 ara d
040 _aGCL /
_cGCL
082 0 4 _a823.082
_bو ا
100 1 _aولز, ه0 ج
245 1 0 _aاول من وصل الى القمر /
_cولز, ه0 ج
300 _a342 ص
490 _aالالف كتاب
_v0
650 0 4 _aالادب الانجليزى
650 0 4 _aالادب الانجليزى المترجم
942 _2ddc
_cBK
999 _c45285
_d45285